Prc̀tica cln̕ica y litigacin̤ estratǧica en discapacidad y Derechos Humanos

Bibliographic Details
Main Author: Bariffi, Francisco
Format: eBook
Language:Spanish
Published: Madrid : Dykinson, 2013
Subjects:
Online Access:Acceso restringido

MARC

LEADER 00000nam a22000007a 4500
005 2013112803153.0
007 cr|||| ||||
008 131128s2013 sp |||||s|||| 00||0 spa d
020 |a 978-84-9031-504-0 
035 |a 11660 
040 |a vLex 
090 |c 4599  |d 4599 
100 1 |a Bariffi, Francisco 
245 1 0 |a Prc̀tica cln̕ica y litigacin̤ estratǧica en discapacidad y Derechos Humanos  |h [Recurso electrn̤ico] /  |c Francisco Bariffi  
256 |a Servicios en ln̕ea 
260 |a Madrid :  |b Dykinson,  |c 2013 
300 |a 1 recurso electrn̤ico 
506 1 |a Contenido solo disponible en los productos indicados  |d vLex Global  |d vLex Global (Academic Edition, excluding Law Schools)  |d vLex Global (U.S. Academic Edition, Law Schools)  |d vLex Global (U.S. Academic Edition, excluding Law Schools)  |d vLex Global (Academic Edition, Law Schools) 
650 0 4 |a Discapacidad  
650 0 4 |a Derechos humanos 
740 0 |a vLex Libros (Servicio en ln̕ea) 
856 4 0 |u http://vlex.com/source/practica-clinica-litigacion-estrategica-discapacidad-derechos-humanos-11660  |z Acceso restringido 
942 |c BOOK 
999 0 |a Disabilities 
999 0 |a Human rights